| 000 | 00843nam a22002057a 4500 | ||
|---|---|---|---|
| 003 | UA-OsUOA | ||
| 001 | 43416 | ||
| 007 | ta | ||
| 008 | 20090625b un ||||| |||| 00| 0 ukr d | ||
| 090 | _a94(477).05 | ||
| 942 | _cBKA | ||
| 040 |
_aUA-OsUOA _bukr _cUA-OsUOA _dUA-OsUOA |
||
| 245 |
_aЕкономічний стан України, клясова структура її суспільства й українське письменство в першій половині ХІХ століття _bТези |
||
| 955 | _a4 | ||
| 041 | _aukr | ||
| 080 | _a94(477).05 | ||
| 773 | 0 |
_tМ.А. Плевако. Статті, розвідки й біо-бібліографічні матеріали _gНью-Йорк-Париж: УВАН у США _d1961 |
|
| 650 | 7 |
_a9 Географія. Біографії. Історія _2UDC |
|
| 999 |
_c441890 _d441890 |
||